<?xml version="1.0" encoding="UTF-8"?>
<collection xmlns="http://www.loc.gov/MARC21/slim">
 <record>
  <leader>00465nam a22001695a 4500</leader>
  <controlfield tag="001">CEM.cems010428</controlfield>
  <controlfield tag="005">20060214000000.0</controlfield>
  <controlfield tag="008">130507s2000##################000#0#####d</controlfield>
  <controlfield tag="003">CEMS</controlfield>
  <datafield tag="082" ind1="0" ind2="4">
   <subfield code="a">468.1</subfield>
  </datafield>
  <datafield tag="245" ind1="0" ind2="0">
   <subfield code="a">Larousse :</subfield>
   <subfield code="b">ortografía reglas y ejercicios /</subfield>
  </datafield>
  <datafield tag="260" ind1=" " ind2=" ">
   <subfield code="a">México :</subfield>
   <subfield code="b">Larousse,</subfield>
   <subfield code="c">2000</subfield>
  </datafield>
  <datafield tag="300" ind1=" " ind2=" ">
   <subfield code="a">302 p.</subfield>
  </datafield>
  <datafield tag="653" ind1=" " ind2=" ">
   <subfield code="a">Lengua</subfield>
  </datafield>
  <datafield tag="653" ind1=" " ind2=" ">
   <subfield code="a">Ortografia</subfield>
  </datafield>
  <datafield tag="653" ind1=" " ind2=" ">
   <subfield code="a">Ortografia-ense¥anza</subfield>
  </datafield>
  <datafield tag="859" ind1=" " ind2=" ">
   <subfield code="a">CEMS</subfield>
   <subfield code="b">BIB. CEMS - 11 de abril</subfield>
   <subfield code="h">468.1</subfield>
   <subfield code="i">L328</subfield>
   <subfield code="p">20992.00</subfield>
   <subfield code="t">Ej.1</subfield>
  </datafield>
 </record>
</collection>
